[Event "Hvar op"]
[Site "Hvar"]
[Date "2023.10.18"]
[Round "6"]
[White "Begic, Klara"]
[Black "Faukovic, Matija"]
[Result "1-0"]
[WhiteElo "1723"]
[BlackElo "2042"]
[PlyCount "77"]
[EventDate "2023.10.15"]
[EventType "swiss"]
[EventRounds "9"]
[EventCountry "CRO"]
[SourceTitle "Mega2024 Update 01"]
[Source "Chessbase"]
[SourceDate "2023.11.12"]
[SourceVersion "1"]
[SourceVersionDate "2023.11.12"]
[SourceQuality "1"]

1. d4 Nf6 2. Nf3 d5 3. e3 e6 4. Be2 c5 5. 0-0 Nc6 6. b3 Bd6 7. Bb2 cxd4 8. exd4 Qc7 9. c4 0-0 10. Re1 b6 11. Nc3 a6 12. Rc1 Bf4 13. Rb1 Bb7 14. g3 Bd6 15. cxd5 exd5 16. Qd2 h6 17. Nh4 Qd7 18. Bd3 Nxd4 19. Na4 Qh3 20. Bf1 Qxh4 21. Bxd4 Ne4 22. Qb2 Qg5 23. Nxb6 Rad8 24. Bg2 Nc5 25. Rbd1 Rfe8 26. Rxe8+ Rxe8 27. Bxc5 Bxc5 28. Nxd5 Bxd5 29. Bxd5 Qh5 30. Qc1 Bb6 31. Kg2 Qf5 32. Qb2 Rc8 33. Rd2 h5 34. h4 g5 35. hxg5 h4 36. g6 Qxg6 37. Qe5 Qh6 38. Bxf7+ Kxf7 39. Qf5+ 1-0

[Event "Hvar op"]
[Site "Hvar"]
[Date "2023.10.17"]
[Round "4"]
[White "Faukovic, Matija"]
[Black "Barbir, Petar"]
[Result "1-0"]
[WhiteElo "2042"]
[BlackElo "1692"]
[PlyCount "59"]
[EventDate "2023.10.15"]
[EventType "swiss"]
[EventRounds "9"]
[EventCountry "CRO"]
[SourceTitle "Mega2024 Update 01"]
[Source "Chessbase"]
[SourceDate "2023.11.12"]
[SourceVersion "1"]
[SourceVersionDate "2023.11.12"]
[SourceQuality "1"]

1. c4 g6 2. g3 Bg7 3. Bg2 e5 4. e4 Nc6 5. Ne2 Nge7 6. 0-0 0-0 7. Nbc3 d6 8. d3 h6 9. Nd5 f5 10. Be3 Nxd5 11. cxd5 Nd4 12. Bxd4 exd4 13. h3 g5 14. f4 Qe8 15. Rc1 Rf7 16. Qd2 g4 17. h4 Qb5 18. Rfd1 c5 19. dxc6 bxc6 20. e5 d5 21. Nxd4 Qb6 22. Qf2 Rb8 23. Rxc6 Qa5 24. b4 Qxb4 25. Bxd5 Bb7 26. Bxf7+ Kxf7 27. Rc7+ Kg8 28. Nxf5 Bf8 29. Qd4 Qa5 30. Qd7 1-0

[Event "Konjic op 12th"]
[Site "Konjic"]
[Date "2023.03.03"]
[Round "4"]
[White "Rozic, Slaven"]
[Black "Faukovic, Matija"]
[Result "0-1"]
[WhiteElo "2089"]
[BlackElo "2013"]
[PlyCount "82"]
[EventDate "2023.03.01"]
[EventType "swiss"]
[EventRounds "7"]
[EventCountry "BIH"]
[SourceTitle "CBM 213 Extra"]
[Source "ChessBase"]
[SourceDate "2023.05.31"]
[SourceVersion "1"]
[SourceVersionDate "2023.05.31"]
[SourceQuality "1"]

1. d4 Nf6 2. c4 e6 3. Nc3 Bb4 4. e3 0-0 5. Nge2 d5 6. a3 Be7 7. Nf4 c6 8. b4 dxc4 9. Bxc4 b5 10. Be2 a5 11. Rb1 axb4 12. axb4 Na6 13. Nd3 Nc7 14. 0-0 Ncd5 15. Qc2 Qd6 16. Bd2 Bd7 17. Nc5 Rfc8 18. e4 Nxc3 19. Bxc3 Qc7 20. Ra1 Be8 21. Bf3 Bxc5 22. dxc5 Rxa1 23. Rxa1 e5 24. Rd1 Nd7 25. Bg4 Ra8 26. g3 f6 27. Rd6 Nf8 28. f4 exf4 29. gxf4 Qf7 30. Rd2 Qg6 31. Rg2 Qh6 32. Bd2 Ra1+ 33. Kf2 Qh4+ 34. Ke3 Ra3+ 35. Ke2 Bf7 36. Bc3 Ra2 37. Bb2 h5 38. Bf3 Qxf4 39. Rg3 Bc4+ 40. Kd1 h4 41. Rh3 Qe3 0-1

[Event "CRO-ch U17/19"]
[Site "Split"]
[Date "2022.07.30"]
[Round "8"]
[White "Ljubicic, Mario"]
[Black "Faukovic, Matija"]
[Result "1/2-1/2"]
[WhiteElo "2020"]
[BlackElo "2026"]
[PlyCount "74"]
[EventDate "2022.07.25"]
[EventType "swiss"]
[EventRounds "9"]
[EventCountry "CRO"]
[SourceTitle "EXT 2023"]
[Source "ChessBase"]
[SourceDate "2022.10.05"]
[SourceVersion "1"]
[SourceVersionDate "2022.10.05"]
[SourceQuality "1"]

1. e4 e6 2. d4 d5 3. exd5 exd5 4. Nf3 Qe7+ 5. Qe2 Qxe2+ 6. Bxe2 Bb4+ 7. Bd2 Bxd2+ 8. Nbxd2 Nf6 9. c3 0-0 10. 0-0 c6 11. Ne5 Nbd7 12. Ndf3 Nxe5 13. Nxe5 Nd7 14. Nxd7 Bxd7 15. Rfe1 Rfe8 16. Bf3 Rxe1+ 17. Rxe1 Re8 18. Rxe8+ Bxe8 19. h3 Bd7 20. Bg4 Bxg4 21. hxg4 g6 22. f4 f5 23. g5 Kg7 24. Kf2 h6 25. Kf3 hxg5 26. fxg5 Kf7 27. g4 Ke6 28. Kf4 fxg4 29. Kxg4 b6 30. b3 c5 31. Kf4 cxd4 32. cxd4 b5 33. b4 a6 34. Kg4 Kd6 35. Kf4 Ke6 36. Kg4 Kd6 37. Kf4 Ke6 1/2-1/2

[Event "CRO-ch U17/19"]
[Site "Split"]
[Date "2022.07.26"]
[Round "3"]
[White "Faukovic, Matija"]
[Black "Ljubic, Luka"]
[Result "0-1"]
[WhiteElo "2026"]
[BlackElo "1768"]
[PlyCount "62"]
[EventDate "2022.07.25"]
[EventType "swiss"]
[EventRounds "9"]
[EventCountry "CRO"]
[SourceTitle "EXT 2023"]
[Source "ChessBase"]
[SourceDate "2022.10.05"]
[SourceVersion "1"]
[SourceVersionDate "2022.10.05"]
[SourceQuality "1"]

1. c4 Nf6 2. Nc3 e6 3. e4 d5 4. e5 Ne4 5. Nf3 Nc6 6. Be2 Bb4 7. 0-0 0-0 8. Qb3 Nc5 9. Qc2 d4 10. Bd1 Nd7 11. Na4 Ndxe5 12. Nxe5 Nxe5 13. c5 d3 14. Qb3 Qd4 15. Kh1 Bxc5 16. Nxc5 Qxc5 17. f4 Nc6 18. Qxd3 Rd8 19. Qg3 b6 20. f5 exf5 21. Qxc7 Ba6 22. Rg1 Rac8 23. Qg3 Ne5 24. d4 Qxd4 25. Bg5 Nd3 26. Rf1 f4 27. Qf3 f6 28. Bb3+ Kh8 29. Bxf4 Nxf4 30. Rad1 Nd3 31. Be6 Nf2+ 0-1

[Event "CRO-ch U19"]
[Site "Split"]
[Date "2021.07.26"]
[Round "2"]
[White "Faukovic, Matija"]
[Black "Simic, Pavo"]
[Result "1-0"]
[WhiteElo "1816"]
[BlackElo "1546"]
[PlyCount "75"]
[EventDate "2021.07.25"]
[EventType "swiss"]
[EventRounds "9"]
[EventCountry "CRO"]
[SourceTitle "EXT 2022"]
[Source "ChessBase"]
[SourceDate "2021.10.06"]
[SourceVersion "1"]
[SourceVersionDate "2021.10.06"]
[SourceQuality "1"]

1. b3 d5 2. Bb2 c5 3. e3 e6 4. Nf3 Nc6 5. Bb5 Bd7 6. 0-0 a6 7. Bxc6 Bxc6 8. Ne5 Qc7 9. f4 0-0-0 10. d3 f6 11. Nxc6 Qxc6 12. a4 Ne7 13. Qf3 Qd7 14. a5 Nc6 15. Ra4 Bd6 16. Nd2 Bc7 17. Rfa1 e5 18. fxe5 fxe5 19. e4 Rdf8 20. Qd1 d4 21. Ba3 Qe7 22. Nc4 Na7 23. Nb6+ Bxb6 24. axb6 Nb5 25. Bxc5 Qd7 26. Bxf8 Rxf8 27. Rc4+ Kb8 28. Qh5 Qd6 29. Rf1 Rxf1+ 30. Kxf1 Qf6+ 31. Qf3 Qe7 32. Kg1 h6 33. Qg4 Qf8 34. Qe6 Nc3 35. Qxe5+ Ka8 36. Qf5 Qxf5 37. exf5 Kb8 38. Rc7 1-0

[Event "CRO-ch U19"]
[Site "Split"]
[Date "2021.07.25"]
[Round "1"]
[White "Levacic, Matej"]
[Black "Faukovic, Matija"]
[Result "1-0"]
[WhiteElo "2132"]
[BlackElo "1816"]
[PlyCount "73"]
[EventDate "2021.07.25"]
[EventType "swiss"]
[EventRounds "9"]
[EventCountry "CRO"]
[SourceTitle "EXT 2022"]
[Source "ChessBase"]
[SourceDate "2021.10.06"]
[SourceVersion "1"]
[SourceVersionDate "2021.10.06"]
[SourceQuality "1"]

1. d4 c5 2. d5 d6 3. e4 Nf6 4. Nc3 g6 5. Nf3 Bg7 6. Be2 0-0 7. 0-0 Bg4 8. Nd2 Bxe2 9. Qxe2 Nbd7 10. Nc4 Nb6 11. a4 Nxc4 12. Qxc4 Nd7 13. f4 Rc8 14. a5 Qc7 15. Bd2 Qb8 16. Ra2 Nf6 17. Ra3 Ne8 18. a6 b6 19. Bc1 Nc7 20. Nb5 Nxb5 21. Qxb5 Qc7 22. Rg3 Qd8 23. f5 c4 24. h4 Be5 25. Bf4 Kh8 26. Bxe5+ dxe5 27. fxg6 hxg6 28. h5 Kg7 29. hxg6 f6 30. Rh3 Rh8 31. Rxh8 Kxh8 32. Rf3 Kg7 33. Rc3 Rc5 34. Qb4 Qc8 35. Rh3 Kxg6 36. Qd2 Qf8 37. Qe2 1-0

[Event "CRO-ch U17/U19"]
[Site "Vinkovci"]
[Date "2019.07.23"]
[Round "2"]
[White "Jurakic, Lukas"]
[Black "Faukovic, Matija"]
[Result "1-0"]
[WhiteElo "1990"]
[BlackElo "1867"]
[PlyCount "46"]
[EventDate "2019.07.22"]
[EventType "swiss"]
[EventRounds "9"]
[EventCountry "CRO"]
[SourceTitle "EXT 2020"]
[Source "ChessBase"]
[SourceDate "2019.10.17"]
[SourceVersion "1"]
[SourceVersionDate "2019.10.17"]
[SourceQuality "1"]

1. e4 c5 2. Nf3 d6 3. d4 cxd4 4. Nxd4 Nf6 5. Nc3 g6 6. Be3 Bg7 7. Be2 0-0 8. Qd2 Nc6 9. 0-0-0 Bd7 10. h4 Rb8 11. f3 a6 12. g4 b5 13. h5 Na5 14. Bh6 Nc4 15. Bxc4 bxc4 16. Bxg7 Kxg7 17. hxg6 fxg6 18. Qh6+ Kg8 19. g5 Nh5 20. Rxh5 gxh5 21. g6 Rf7 22. gxf7+ Kxf7 23. Qxh7+ Ke8 1-0

[Event "CRO-ch U15"]
[Site "Trogir"]
[Date "2018.06.19"]
[Round "7"]
[White "Faukovic, Matija"]
[Black "Galoic, David"]
[Result "1-0"]
[WhiteElo "1795"]
[BlackElo "1482"]
[PlyCount "95"]
[EventDate "2018.06.16"]
[EventType "swiss"]
[EventRounds "9"]
[EventCountry "CRO"]
[SourceTitle "EXT 2019"]
[Source "ChessBase"]
[SourceDate "2018.10.10"]
[SourceVersion "1"]
[SourceVersionDate "2018.10.10"]
[SourceQuality "1"]

1. e4 c5 2. Nf3 d6 3. d4 cxd4 4. Nxd4 Nf6 5. f3 e5 6. Nb3 Be6 7. c4 Qc7 8. Be3 Be7 9. Be2 0-0 10. 0-0 Nc6 11. Nc3 a6 12. Rc1 Qd8 13. Qd2 Nd7 14. Rfd1 Re8 15. Bf1 Bf8 16. Qf2 Na5 17. Nxa5 Qxa5 18. b3 Rac8 19. Qb2 Qc7 20. b4 Qb8 21. Na4 b5 22. cxb5 axb5 23. Rxc8 Rxc8 24. Nc3 Bc4 25. Bxc4 Rxc4 26. Rd5 Qc8 27. Nxb5 Nf6 28. Nxd6 Qc7 29. Nxc4 Nxd5 30. exd5 Qxc4 31. Qb3 Qe2 32. h3 e4 33. f4 Bxb4 34. a4 g5 35. a5 Bd6 36. Qb6 gxf4 37. Qd8+ Bf8 38. Qg5+ Bg7 39. Qxf4 Qd1+ 40. Kh2 Qxd5 41. Qb8+ Bf8 42. Bh6 Qd6+ 43. Qxd6 Bxd6+ 44. Kg1 Bc7 45. a6 Bb6+ 46. Kf1 f5 47. Ke2 Kf7 48. Be3 1-0

[Event "CRO-ch U15"]
[Site "Trogir"]
[Date "2018.06.18"]
[Round "5"]
[White "Drempetic, Mario"]
[Black "Faukovic, Matija"]
[Result "1/2-1/2"]
[WhiteElo "1762"]
[BlackElo "1795"]
[PlyCount "26"]
[EventDate "2018.06.16"]
[EventType "swiss"]
[EventRounds "9"]
[EventCountry "CRO"]
[SourceTitle "EXT 2019"]
[Source "ChessBase"]
[SourceDate "2018.10.10"]
[SourceVersion "1"]
[SourceVersionDate "2018.10.10"]
[SourceQuality "1"]

1. d4 Nf6 2. Nf3 g6 3. Bf4 Bg7 4. e3 d6 5. h3 0-0 6. Be2 Nbd7 7. 0-0 c5 8. Nbd2 cxd4 9. exd4 Nb6 10. c3 Bd7 11. Re1 Rc8 12. Bd3 Re8 13. a4 a6 1/2-1/2

[Event "CRO-ch U15"]
[Site "Trogir"]
[Date "2017.06.18"]
[Round "3"]
[White "Levacic, Matej"]
[Black "Faukovic, Matija"]
[Result "1-0"]
[WhiteElo "1786"]
[BlackElo "1503"]
[PlyCount "93"]
[EventDate "2017.06.17"]
[EventType "swiss"]
[EventRounds "9"]
[EventCountry "CRO"]
[SourceTitle "CBM 179 Extra"]
[Source "ChessBase"]
[SourceDate "2017.08.23"]
[SourceVersion "1"]
[SourceVersionDate "2017.08.23"]
[SourceQuality "1"]

1. d4 Nf6 2. Bf4 g6 3. Nc3 Bg7 4. e4 d6 5. Qd2 Nc6 6. 0-0-0 e5 7. dxe5 dxe5 8. Qxd8+ Nxd8 9. Bxe5 Ne6 10. Nd5 Nxd5 11. Bxg7 Nxg7 12. exd5 Bf5 13. Bb5+ Bd7 14. Bxd7+ Kxd7 15. Nf3 f6 16. Rhe1 Rhe8 17. g4 Rxe1 18. Rxe1 Re8 19. Rxe8 Nxe8 20. Kd2 Kd6 21. c4 c6 22. dxc6 bxc6 23. b4 Nc7 24. Nd4 c5 25. bxc5+ Kxc5 26. Kc3 a6 27. f4 a5 28. f5 gxf5 29. gxf5 Ne8 30. Ne6+ Kc6 31. Kd4 Nd6 32. Ng7 h6 33. a4 Nf7 34. Ne8 Ne5 35. Nxf6 Nf3+ 36. Ke4 Ng5+ 37. Ke5 Nf3+ 38. Kf4 Nd2 39. Ng4 Kd6 40. Ne5 Nb1 41. f6 Ke6 42. f7 Ke7 43. Kf5 Nc3 44. Kg6 Kf8 45. Nd7+ Ke7 46. f8Q+ Kxd7 47. Qg7+ 1-0